Ciencia ambiental : (Registro nro. 13030)
[ vista simple ]
| 000 -LEADER | |
|---|---|
| fixed length control field | 00883nam a22002657a 4500 |
| 003 - CONTROL NUMBER IDENTIFIER | |
| control field | DO-SdBNP |
| 005 - DATE AND TIME OF LATEST TRANSACTION | |
| control field | 20171124111144.0 |
| 008 - FIXED-LENGTH DATA ELEMENTS--GENERAL INFORMATION | |
| fixed length control field | 171122b 2006 sp ||||| |||| 00| 0 spa d |
| 020 ## - INTERNATIONAL STANDARD BOOK NUMBER | |
| International Standard Book Number | 9706862064 |
| 040 ## - CATALOGING SOURCE | |
| Original cataloging agency | BPMSU |
| Language of cataloging | spa |
| Transcribing agency | BPMSU |
| 092 ## - LOCALLY ASSIGNED DEWEY CALL NUMBER (OCLC) | |
| Classification number | xxxx |
| Item number | xxxx |
| 100 1# - MAIN ENTRY--PERSONAL NAME | |
| Personal name | Miller, Tyler George |
| 240 10 - UNIFORM TITLE | |
| Uniform title | <a href="Sustaining the earth.">Sustaining the earth.</a> |
| Language of a work | Espapañol |
| 245 10 - TITLE STATEMENT | |
| Title | Ciencia ambiental : |
| Remainder of title | preservemos la tierra / |
| Statement of responsibility, etc. | G. Tyler Miller ; rev. téc. Mario Yarto ; tr. Santiago Díaz-H. Sepúlveda. |
| 250 ## - EDITION STATEMENT | |
| Edition statement | 5a ed. |
| 260 ## - PUBLICATION, DISTRIBUTION, ETC. (IMPRINT) | |
| Place of publication, distribution, etc. | México : |
| Name of publisher, distributor, etc. | Thomson, |
| Date of publication, distribution, etc. | 2006. |
| 300 ## - PHYSICAL DESCRIPTION | |
| Extent | xii, 456 p. : |
| Other physical details | il. ; |
| Dimensions | 28 cm. |
| 490 #1 - SERIES STATEMENT | |
| Series statement | Ciencias e ingenierías. |
| 700 12 - ADDED ENTRY--PERSONAL NAME | |
| Personal name | Díaz-H. Sepúlveda, Santiago |
| Relator term | tr. |
| 700 12 - ADDED ENTRY--PERSONAL NAME | |
| Personal name | Yarto, Mario |
| Relator term | rev. tec. |
| 830 #0 - SERIES ADDED ENTRY--UNIFORM TITLE | |
| Uniform title | Ciencias e ingenierías. |
| 942 ## - ADDED ENTRY ELEMENTS (KOHA) | |
| Source of classification or shelving scheme | Dewey Decimal Classification |
| Koha item type | Libros |
| 945 ## - LOCAL PROCESSING INFORMATION (OCLC) | |
| a | Inventario / 2017 LP |
| 956 ## - LOCAL ELECTRONIC LOCATION AND ACCESS (OCLC) | |
| Host name | LOPEREZ |
| Access number | 10 |
| Compression information | 20171122 |
| Processor of request | 0041 |
| Instruction | BPMSU |
| Withdrawn status | Lost status | Source of classification or shelving scheme | Damaged status | Not for loan | Collection code | Home library | Current library | Date acquired | Source of acquisition | Total Checkouts | Barcode | Date last seen | Price effective from | Koha item type |
|---|---|---|---|---|---|---|---|---|---|---|---|---|---|---|
| Dewey Decimal Classification | Colección General | Biblioteca Pública Metropolitana Salomé Ureña | Biblioteca Pública Metropolitana Salomé Ureña | 11/22/2017 | Donación | BPMSU17110346 | 11/22/2017 | 11/22/2017 | Libros |